[Event "Baden-Baden op"]
[Site "Baden-Baden"]
[Date "1991.??.??"]
[Round "3"]
[White "Barlov, Dragan"]
[Black "Ammann, Philipp"]
[Result "1-0"]
[WhiteElo "2475"]
[BlackElo "2275"]

1.d4 d5 2.c4 c6 3.e3 Nf6 4.Nc3 e6 5.Nf3 Nbd7 6.Qc2 Be7 7.Be2 O-O 8.O-O Re8
9.Rd1 dxc4 10.Bxc4 Qa5 11.e4 b5 12.Bd3 b4 13.Na4 Ba6 14.Bxa6 Qxa6 15.b3 Rac8
16.Bg5 c5 17.d5 exd5 18.e5 Ng4 19.Bxe7 Rxe7 20.Rxd5 Qg6 21.Qxg6 hxg6 22.h3 Ngxe5
23.Nxe5 Nxe5 24.Nxc5 Rec7 25.Na6 Rc1+ 26.Rxc1 Rxc1+ 27.Kh2 Nc6 28.Rd7 Rc2
29.Rc7 Kf8 30.Kg3 Ke8 31.f3 Kd8 32.Kf4 f5 33.g4 Rc3 34.Rxg7 Nd4 35.Rxg6 Rxf3+
36.Ke5  1-0

[Event "Baden-Baden op"]
[Site "Baden-Baden"]
[Date "1991.??.??"]
[Round "5"]
[White "Barlov, Dragan"]
[Black "Klebel, Martin"]
[Result "1/2-1/2"]
[WhiteElo "2475"]
[BlackElo "2435"]

1.d4 d5 2.c4 c6 3.e3 Nf6 4.Nc3 e6 5.Nf3 Nbd7 6.Qc2 Bd6 7.Be2 O-O 8.O-O dxc4
9.Bxc4 e5 10.h3 h6 11.Rd1 exd4 12.Nxd4 Nb6 13.Bf1 Qe7 14.e4 Re8 15.Re1 Bd7
16.Bd2 Be5 17.Be3 c5 18.Nf5 Bxf5 19.exf5 Bxc3 20.Qxc3 Qe5 21.Qxc5 Qxb2 22.Reb1 Qe5
23.Qxe5 Rxe5 24.Bxb6 axb6 25.Rxb6 Ra7 26.g4 h5 27.f3 Re3 28.Kf2 Raa3 29.Be2 Nd5
30.Rxb7 Nf4 31.Bd1 Nxh3+ 32.Kg3 hxg4 33.Rb8+ Kh7 34.Rb3 Kh6 35.Rxa3 Rxa3
36.Bb3 Kg5 37.fxg4 Nf4 38.Rd1 Ne2+ 39.Kf2 Nc3 40.Rd7 Kxg4 41.Rxf7 Nxa2 42.Be6 Kf4
43.Bxa2  1/2-1/2

[Event "JUG-ch"]
[Site "Banja Vrucica"]
[Date "1991.??.??"]
[Round "?"]
[White "Blagojevic, Dragisa"]
[Black "Ilincic, Zlatko"]
[Result "1/2-1/2"]
[WhiteElo "2425"]
[BlackElo "2470"]

1.d4 d5 2.c4 c6 3.Nf3 Nf6 4.Nc3 e6 5.e3 Nbd7 6.Bd3 dxc4 7.Bxc4 b5 8.Bd3 Bb7
9.e4 b4 10.Na4 c5 11.e5 Nd5  1/2-1/2

[Event "JUG-ch"]
[Site "Banja Vrucica"]
[Date "1991.??.??"]
[Round "?"]
[White "Miladinovic, Igor"]
[Black "Karaklajic, Nikola"]
[Result "0-1"]
[WhiteElo "2375"]
[BlackElo "2375"]

1.d4 d5 2.c4 e6 3.Nc3 c6 4.e3 Nf6 5.Nf3 Nbd7 6.Qc2 Bd6 7.Bd2 O-O 8.O-O-O b5
9.c5 Bc7 10.Bd3 b4 11.Ne2 a5 12.Nf4 Ba6 13.Bxa6 Rxa6 14.Nd3 Qb8 15.Qa4 Qb7
16.Nfe1 e5 17.f3 Re8 18.Nc2 Raa8 19.Kb1 e4 20.Nf2 Nf8 21.f4 N6d7 22.f5 Reb8
23.Na1 Qb5 24.Qxb5 Rxb5 25.b3 h5 26.g4 Nh7 27.gxh5 Ng5 28.Ng4 Nf3 29.Nc2 Kh7
30.Ne1 Nh4 31.Rf1 Rg8 32.Bc1 Rbb8 33.Rd2 Rbe8 34.Bb2 Rh8 35.f6 g6 36.hxg6+ Kxg6
37.Rdf2 Rh5 38.Ng2 Nf3 39.Rxf3 exf3 40.Rxf3 Re4 41.h3 Rxg4 42.hxg4 Rh1+ 43.Kc2 Rh2
44.Rf2 Nxf6 45.Re2 Nxg4 46.Kd3 Kf5 47.Ne1 Nf2+ 48.Kd2 Ke4 49.a3 bxa3 50.Bxa3 Ng4
51.Nc2 Rh3 52.Bc1 f5 53.Ne1 Rxe3 54.Rxe3+ Nxe3 55.Ke2 Ng4 56.Nf3 f4 57.Bd2 Nf6
58.Ng5+ Kf5 59.Nf3 Ne4 60.Be1 Ng3+ 61.Kf2 Kg4 62.Nh2+ Kg5 63.Nf3+ Kf5 64.Kg2 Ne2
65.Bh4 Ke4 66.Ng5+ Kd3 67.Ne6 f3+ 68.Kf2 Bh2 69.Bf6 Bg1+ 70.Kxf3 Bxd4 71.Be7 Be5
72.Kg4 Nd4 73.Nd8 Bc7 74.Nf7 Nxb3 75.Bd6 a4 76.Ne5+ Ke4 77.Nxc6 Ba5 78.Kg3 d4
79.Kf2 d3 80.Nxa5 Nxa5 81.Bf8 Kd4 82.Ke1 Kc4 83.Kd2 Nb3+ 84.Ke3 Nd4 85.Kd2 Nc6
86.Bh6 a3 87.Kc1 Nb4 88.Kb1 Kxc5 89.Bc1 Kc4  0-1

[Event "JUG-ch"]
[Site "Banja Vrucica"]
[Date "1991.??.??"]
[Round "?"]
[White "Raicevic, Vladimir"]
[Black "Barlov, Dragan"]
[Result "1-0"]
[WhiteElo "2440"]
[BlackElo "2505"]

1.d4 Nf6 2.c4 c6 3.Nc3 d5 4.e3 e6 5.Nf3 Nbd7 6.Qc2 Bd6 7.Be2 O-O 8.O-O Qe7
9.e4 dxe4 10.Nxe4 Nxe4 11.Qxe4 e5 12.Bg5 Qe8 13.c5 Bc7 14.Bc4 exd4 15.Qxe8 Rxe8
16.Rae1 Rxe1 17.Rxe1 Nf8 18.Re8 Rb8 19.Bd8 Bf4 20.Ng5 g6 21.Nxf7 Kg7 22.Nd6 Be6
23.Re7+ Kg8 24.Bc7 Bxc4 25.Bxb8 Bd5 26.Ne4  1-0

[Event "BUL-chT"]
[Site "Bankia"]
[Date "1991.??.??"]
[Round "2"]
[White "Radulov, Ivan"]
[Black "Shikerov, Stefan"]
[Result "1-0"]
[WhiteElo "2405"]
[BlackElo "2270"]

1.Nf3 d5 2.c4 c6 3.e3 Nf6 4.Nc3 e6 5.d4 Nbd7 6.Bd3 dxc4 7.Bxc4 b5 8.Be2 Bb7
9.O-O a6 10.a3 c5 11.dxc5 Nxc5 12.b4 Qxd1 13.Rxd1 Nb3 14.Rb1 Nxc1 15.Rbxc1 Be7
16.Nd4 O-O 17.Ncxb5 axb5 18.Rc7 Be4 19.Rxe7 Nd5 20.Rd7 Rxa3 21.Nxb5 Rb3 22.Nd6 Bc2
23.Rc1 Nxb4 24.Rb7 Bg6 25.h4 Na2 26.Rcc7 Rxb7 27.Rxb7 Nc3 28.Bf3 h5 29.Rc7 Na4
30.Nc4 f6 31.Nd2 Rd8 32.Nf1 Kh7 33.Ng3 Kh6 34.Bc6 Nb6 35.Rb7 Nc4 36.Bd7 Ne5
37.Bxe6 Rd1+ 38.Kh2 Rd2 39.Rb8 Bd3 40.Rh8+ Kg6 41.Nxh5 f5 42.Kg3 Ng4 43.Nf4+ Kf6
44.Rf8+ Ke5 45.Nxd3+ Kxe6 46.Nc5+  1-0

[Event "BUL-chT"]
[Site "Bankia"]
[Date "1991.??.??"]
[Round "8"]
[White "Peev, Peicho Chonev"]
[Black "Velikov, Petar"]
[Result "1-0"]
[WhiteElo "2400"]
[BlackElo "2425"]

1.d4 d5 2.c4 e6 3.Nf3 c6 4.e3 Nf6 5.Nc3 a6 6.Be2 Nbd7 7.O-O dxc4 8.Bxc4 b5
9.Bd3 c5 10.dxc5 Nxc5 11.Bc2 Bb7 12.Qe2 Qc7 13.a3 Bd6 14.e4 Ng4 15.h3 Ne5
16.Nd4 Ng6 17.Rd1 Be5 18.Be3 O-O 19.Rac1 Rac8 20.b4 Nd7 21.Bb3 Nf6 22.Ncxb5 Qb8
23.Nc3 Nxe4 24.Nxe4 Bxe4 25.Nf3 Bd6 26.Qxa6 Bxf3 27.Rxd6 Bb7 28.Qd3 Nh4 29.Rxc8 Qxc8
30.Bc2 g6 31.Bh6 Re8 32.Qd4  1-0

[Event "Bardejov"]
[Site "Bardejov"]
[Date "1991.??.??"]
[Round "?"]
[White "Plachetka, Jan"]
[Black "Lazic, Miroljub"]
[Result "0-1"]
[WhiteElo "2425"]
[BlackElo "2400"]

1.d4 d5 2.c4 c6 3.Nf3 Nf6 4.Nc3 e6 5.e3 Nbd7 6.Qc2 Bd6 7.b3 O-O 8.Bb2 Qe7
9.Be2 dxc4 10.bxc4 e5 11.O-O Re8 12.a4 e4 13.Nd2 c5 14.Nb5 Bb8 15.Ba3 a6
16.Nc3 Bd6 17.Nb3 cxd4 18.Bxd6 Qxd6 19.exd4 Nf8 20.c5 Qf4 21.Qc1 Qh4 22.Qe3 Ng6
23.Qg3 Qh6 24.Bc4 Nf4 25.Rfe1 N6h5 26.Qe3 Bh3 27.g3 Qg6 28.Bf1 Bxf1 29.Rxf1 Nh3+
30.Kh1 Nf6 31.Qe2 Ng4 32.Nd1 Nf4 33.Qd2 e3 34.Nxe3 Nxe3  0-1

[Event "Beersheba"]
[Site "Beersheba"]
[Date "1991.??.??"]
[Round "?"]
[White "Alterman, Boris"]
[Black "Pinter, Jozsef"]
[Result "1/2-1/2"]
[WhiteElo "2465"]
[BlackElo "2565"]

1.d4 d5 2.c4 e6 3.Nc3 c6 4.e3 Nf6 5.Nf3 Nbd7 6.Bd3 dxc4 7.Bxc4 b5 8.Bd3 Bb7
9.e4 b4 10.Na4 c5 11.e5 Nd5 12.O-O cxd4 13.Re1 g6 14.Bd2 Bg7 15.Bb5 Rc8 16.Bg5 Qa5
17.Nxd4 Rc7 18.Rc1 O-O 19.Bxd7 Rxd7 20.Rc5 Qa6 21.Rc1 Qa5 22.Rc5 Qa6  1/2-1/2

[Event "Belgorod"]
[Site "Belgorod"]
[Date "1991.??.??"]
[Round "?"]
[White "Sher, Miron N"]
[Black "Maciejewski, Andrzej"]
[Result "1-0"]
[WhiteElo "2450"]
[BlackElo "2435"]

1.c4 Nf6 2.Nf3 c6 3.Nc3 d5 4.e3 e6 5.d4 Nbd7 6.Qc2 Bd6 7.Be2 O-O 8.O-O dxc4
9.Bxc4 e5 10.a3 exd4 11.exd4 Nb6 12.Ba2 Bg4 13.Ne5 Qc8 14.Re1 Bf5 15.Qd1 Nbd5
16.Qf3 Nxc3 17.bxc3 Ng4 18.Bf4 Nxe5 19.Bxe5 Bxe5 20.Rxe5 Be6 21.Bxe6 fxe6
22.Qe4 Rf6 23.a4 Qd7 24.a5 Raf8 25.f3 g6 26.Rb1 Kf7 27.Rc5 Rc8 28.g4 Qc7
29.Rc4 b6 30.axb6 axb6 31.Ra4 b5 32.Ra6 Qf4 33.Qxf4 Rxf4 34.Kf2 g5 35.Ra7+ Kg8
36.Re1 Rcf8 37.Re3 Rxg4 38.Re5 b4 39.cxb4 Rgf4 40.Rxg5+ Kh8 41.Rg3 Rxd4 42.Rh3 Kg8
43.Rhxh7 Rf6 44.Rag7+ Kf8 45.Rb7 Kg8 46.Rhg7+ Kh8 47.Rgc7 Rd2+ 48.Kg3 Rg6+
49.Kf4 Rxh2 50.Rc8+ Rg8 51.Rxc6 Rf8+ 52.Kg3 Rh6 53.Rcc7 e5 54.Re7  1-0

[Event "Belgrade op"]
[Site "Belgrade"]
[Date "1991.??.??"]
[Round "?"]
[White "Nestorovic, Dejan"]
[Black "Karaklajic, Nikola"]
[Result "1/2-1/2"]
[WhiteElo "2330"]
[BlackElo "2375"]

1.d4 d5 2.c4 e6 3.Nc3 c6 4.Nf3 Nf6 5.e3 Nbd7 6.Bd3 a6 7.O-O dxc4 8.Bxc4 b5
9.Bd3 c5 10.a4 b4 11.Ne4 Bb7 12.Nxf6+ Nxf6 13.Qe2 cxd4 14.Rd1 Qd5 15.Bc4 Qh5
16.Nxd4 Qxe2 17.Bxe2 Bd5 18.a5 e5 19.Nf3 Bb3 20.Rf1 Nd7 21.Bd2 Bd6 22.Rfc1 Ke7
23.Rc6 Bd5 24.Rxa6 Rxa6 25.Bxa6 Nc5  1/2-1/2

[Event "Belgrade-B"]
[Site "Belgrade"]
[Date "1991.??.??"]
[Round "9"]
[White "Popchev, Milko"]
[Black "Burmakin, Vladimir"]
[Result "1/2-1/2"]
[WhiteElo "2450"]
[BlackElo "2315"]

1.Nf3 Nf6 2.d4 d5 3.c4 e6 4.Nc3 c6 5.e3 Nbd7 6.Qc2 Bd6 7.Be2 O-O 8.O-O dxc4
9.Bxc4 e5 10.Bb3 Qe7 11.h3 h6 12.Nh4 Re8 13.Nf5 Qf8 14.Nxd6 Qxd6 15.dxe5 Qxe5
16.Bd2  1/2-1/2

[Event "Belgrade-B"]
[Site "Belgrade"]
[Date "1991.??.??"]
[Round "13"]
[White "Nikcevic, Nebojsa"]
[Black "Burmakin, Vladimir"]
[Result "1/2-1/2"]
[WhiteElo "2440"]
[BlackElo "2315"]

1.d4 Nf6 2.Nf3 d5 3.c4 c6 4.Nc3 e6 5.e3 Nbd7 6.Qc2 Bd6 7.Be2 O-O 8.O-O dxc4
9.Bxc4 e5 10.a3 Qe7 11.h3 Bc7 12.Ba2 h6 13.Re1 Re8 14.e4 exd4 15.Nxd4 Qe5  1/2-1/2

[Event "Bellinge"]
[Site "Bellinge"]
[Date "1991.??.??"]
[Round "7"]
[White "Jelling, Erik"]
[Black "Bank Friis, Carsten"]
[Result "1/2-1/2"]
[WhiteElo "2365"]
[BlackElo "2305"]

1.d4 d5 2.c4 e6 3.Nf3 Nf6 4.Nc3 c6 5.e3 Nbd7 6.Qc2 Be7 7.b3 O-O 8.Bd3 b6
9.O-O Bb7 10.Bb2 Rc8 11.Ne5 h6 12.f4 c5 13.Rad1 cxd4 14.exd4 dxc4 15.bxc4 Nxe5
16.fxe5 Qxd4+ 17.Kh1 Qxe5 18.Ne4 Qxb2 19.Qxb2 Nxe4 20.Bxe4 Bxe4 21.Rd7 Bc5
22.Qe5 Bg6 23.h4  1/2-1/2

[Event "Berliner Sommer"]
[Site "Berlin"]
[Date "1991.??.??"]
[Round "?"]
[White "Muse, Mladen"]
[Black "Teske, Henrik"]
[Result "0-1"]
[WhiteElo "2460"]
[BlackElo "2380"]

1.d4 d5 2.c4 e6 3.Nf3 c6 4.Nc3 Nf6 5.e3 Nbd7 6.Qc2 Be7 7.Be2 dxc4 8.Bxc4 b5
9.Bd3 Bb7 10.O-O Rc8 11.e4 b4 12.Na4 c5 13.dxc5 Nxc5 14.Nxc5 Rxc5 15.Qa4+ Bc6
16.Qxa7 Qxd3 17.Be3 Rb5 18.Rfd1 Qxe4 19.Rac1 Bd7 20.Nd4 Rd5 21.Qb8+ Bd8 22.Qxb4 Rb5
23.Qxb5 Bxb5 24.Nxb5 O-O 25.Bc5 Nd5 26.Re1 Qa4 27.Bxf8 Kxf8 28.Na3 Bf6 29.Rc4 Qa5
30.Rce4 h5 31.g3 g5 32.R4e2 h4 33.Kg2 Qa8 34.f3 Bxb2 35.Nb5 Bf6 36.a4 Qc6
37.Nd4 Qc3 38.Nb5 h3+ 39.Kf2 Qc5+ 40.Kf1 Bd8 41.Nd4 Bb6 42.Rc2 Qa3  0-1

[Event "Berliner Sommer"]
[Site "Berlin"]
[Date "1991.??.??"]
[Round "?"]
[White "Eingorn, Vereslav S"]
[Black "Mnatsakanian, Eduard A"]
[Result "1-0"]
[WhiteElo "2585"]
[BlackElo "2410"]

1.d4 d5 2.c4 c6 3.Nc3 Nf6 4.e3 e6 5.Nf3 Nbd7 6.Qc2 Bd6 7.Be2 O-O 8.O-O dxc4
9.Bxc4 e5 10.Bb3 Kh8 11.h3 Qe7 12.Re1 e4 13.Ng5 Nb6 14.f3 Bf5 15.fxe4 Bg6
16.Qf2 Bb4 17.Rf1 Bxc3 18.bxc3 Nxe4 19.Nxe4 Qxe4 20.Ba3 Rg8 21.Rae1 Nd5 22.c4 Nf6
23.Qb2 Qe6 24.d5 cxd5 25.cxd5 Nxd5 26.Qd4 Rad8 27.Bb2 f6 28.e4 Nc7 29.Qxd8 Rxd8
30.Bxe6 Nxe6 31.e5 Bd3 32.exf6 Bxf1 33.Kxf1  1-0

[Event "Kreuzberg"]
[Site "Berlin"]
[Date "1991.??.??"]
[Round "5"]
[White "Wells, Peter K"]
[Black "Padevsky, Nikola"]
[Result "0-1"]
[WhiteElo "2460"]
[BlackElo "2425"]

1.d4 Nf6 2.Nf3 d5 3.c4 e6 4.Nc3 c6 5.e3 Nbd7 6.Bd3 Bb4 7.a3 Bxc3+ 8.bxc3 Qc7
9.O-O O-O 10.Qc2 e5 11.cxd5 cxd5 12.Nd2 Nb6 13.dxe5 Qxe5 14.Bb2 Qh5 15.c4 dxc4
16.Nxc4 Nxc4 17.Qxc4 Be6 18.Qf4 Nd5 19.Qg3 Qg4 20.Qxg4 Bxg4 21.Be4 Rad8 22.Rac1 Rfe8
23.Bb1 b5 24.Rfe1 Nb6 25.Rc5 Rd5 26.Rxd5 Nxd5 27.Bd3 a6 28.f3 Be6 29.Bd4 Rc8
30.Kf2 Nc3 31.Ra1 Na4 32.Ke1 Nc5 33.Bxc5 Rxc5 34.Kd2 Kf8 35.a4 bxa4 36.Rxa4 a5
37.e4 Bb3 38.Rd4 Ke7 39.f4 f6 40.g4 h5 41.gxh5 Rxh5 42.Kc3 Bd1 43.Bf1 Rc5+
44.Kb2 Bg4 45.f5 Bh5 46.Bc4 Be8 47.Bd5 Kd6 48.Rd3 Ke5 49.Rg3 Rc7 50.Ka3 Kf4
51.Rg1 Bb5 52.Kb3 Bd3 53.Ra1 Bc2+ 54.Kb2 Bxe4 55.Ra4 Rc2+ 56.Kb3 Re2 57.Be6 Rxh2
58.Rxa5 Rh5 59.Ra4 Kf3 60.Ra5 g6 61.Ra6 Bxf5 62.Bd5+ Kf4  0-1

[Event "Bern op"]
[Site "Bern"]
[Date "1991.??.??"]
[Round "5"]
[White "Soffer, Ram"]
[Black "Flear, Christine"]
[Result "1-0"]
[WhiteElo "2445"]
[BlackElo "2225"]

1.c4 e6 2.d4 d5 3.Nc3 c6 4.e3 Nf6 5.Nf3 Nbd7 6.Bd3 Bd6 7.e4 dxe4 8.Nxe4 Nxe4
9.Bxe4 h6 10.Bd2 Qc7 11.Bc3 c5 12.Qe2 O-O 13.O-O-O cxd4 14.Nxd4 Bf4+ 15.Kb1 a6
16.Bc2 Re8 17.Nf5 e5 18.h4 Nb6 19.Nd6 Rd8 20.Nxc8 Raxc8 21.g3 Rxd1+ 22.Rxd1 Nxc4
23.gxf4 Na3+ 24.bxa3 Qxc3 25.fxe5 Re8 26.e6 fxe6 27.Qe4  1-0

[Event "Bern op"]
[Site "Bern"]
[Date "1991.??.??"]
[Round "5"]
[White "Wojtkiewicz, Aleksander"]
[Black "Arakhamia, Ketevan"]
[Result "0-1"]
[WhiteElo "2540"]
[BlackElo "2440"]

1.Nf3 d5 2.d4 Nf6 3.c4 c6 4.Nc3 e6 5.e3 Nbd7 6.Qc2 Bd6 7.Be2 O-O 8.O-O dxc4
9.Bxc4 e5 10.h3 Qe7 11.Bd2 e4 12.Ng5 Nb6 13.Bb3 Bf5 14.f3 Rae8 15.fxe4 Bg6
16.Qd1 h6 17.e5 hxg5 18.exf6 gxf6 19.Qf3 Kg7 20.Rae1 Bc7 21.e4 Qd6 22.Be3 Nd7
23.Bc2 Qh2+ 24.Kf2 Rh8 25.Rh1 Qd6 26.g4 Qb4 27.Rb1 Bb6 28.Kg2 Rh6 29.a3 Qc4
30.Bf2 Nf8 31.Bd3 Qb3 32.Rhf1 Ne6 33.Be3 Bh7 34.Qf2 Bxd4 35.Bxd4 Nf4+ 36.Qxf4 gxf4
37.g5 Rg6 38.Bxf6+ Rxf6 39.gxf6+ Kxf6 40.Rxf4+ Ke7 41.Rf2 Rg8+ 42.Kh2 Qe6
43.Ne2 Qe5+ 44.Nf4 Kd6 45.Re1 Kc7  0-1

[Event "Biel op (Women)"]
[Site "Biel"]
[Date "1991.??.??"]
[Round "5"]
[White "Sakhatova, Elvira"]
[Black "Flear, Christine"]
[Result "1/2-1/2"]
[WhiteElo "2235"]
[BlackElo "2210"]

1.d4 d5 2.Nf3 Nf6 3.c4 e6 4.Nc3 c6 5.e3 Nbd7 6.Be2 Bd6 7.O-O O-O 8.Qc2 dxc4
9.Bxc4 e5 10.h3 exd4 11.Nxd4 Ne5 12.Be2 Ng6 13.Rd1 Qe7 14.Nf5 Bxf5 15.Qxf5 Rad8
16.Bd2 h6 17.g3 Bxg3 18.Qf3 Bc7 19.Be1 Nh4 20.Qh1 Qe5 21.Rxd8 Rxd8 22.Rd1 Rxd1
23.Nxd1 Qe6 24.a3 Ne4 25.Kf1 Qd5 26.Kg1 Qg5+ 27.Kf1 Qf5 28.f4 Ng6 29.Qf3 Nf6
30.Bc3 Bb6 31.Bxf6 Qxf6 32.Qe4 Qe7 33.Qxe7 Nxe7 34.Kg2 Nd5 35.Kf3 Kf8 36.b3 Ke7
37.Ke4 Kd6 38.Bf3 Bc5 39.a4 b5 40.Kd3 a6 41.Bg4 Bb6 42.Bf3 Bc5 43.Bg4 Kc7
44.Bf3 Kb6 45.axb5 axb5 46.f5 Kc7 47.Bh5 f6 48.Bf7 Kd6 49.Ke4 Bb6 50.h4 Ba7
51.Bg8 Ne7 52.Bf7 Nd5 53.Bg8 b4 54.h5 Bb6 55.Bf7 Nc3+ 56.Nxc3 bxc3 57.Kd3 Ba5
58.Bg6 Ke5 59.Bh7 Bb4 60.Bg6 Kd5  1/2-1/2

[Event "Biel op"]
[Site "Biel"]
[Date "1991.??.??"]
[Round "8"]
[White "Giertz, Niklaus"]
[Black "Eberlein, Wolfgang"]
[Result "0-1"]
[WhiteElo "2245"]
[BlackElo "2280"]

1.d4 c6 2.c4 d5 3.Nf3 e6 4.e3 Nf6 5.Nc3 Be7 6.Qc2 O-O 7.b3 b6 8.Bb2 Bb7 9.Be2 dxc4
10.bxc4 c5 11.O-O cxd4 12.exd4 Nc6 13.Rfd1 Rc8 14.d5 Nb4 15.Qa4 exd5 16.a3 Na6
17.Nxd5 Nxd5 18.cxd5 Nc5 19.Qf4 Bxd5 20.Qg4 Ne6 21.Bd3 g6 22.Ne5 Bf6 23.Be4 Rc5
24.Nc6 Qd6 25.Bxf6 Qxc6 26.Rxd5 Rxd5 27.Qf3 Nc7 28.Be5 Re8 29.Bxc7 Rxe4 30.Qxe4 Rd1+
31.Rxd1 Qxe4 32.g3 g5 33.Bb8 Kg7 34.Rd7 Qe8  0-1

[Event "Biel op"]
[Site "Biel"]
[Date "1991.??.??"]
[Round "11"]
[White "Soffer, Ram"]
[Black "Flear, Glenn C"]
[Result "1/2-1/2"]
[WhiteElo "2450"]
[BlackElo "2515"]

1.c4 e6 2.Nc3 d5 3.d4 c6 4.e3 Nf6 5.Nf3 Nbd7 6.Bd3 dxc4 7.Bxc4 b5 8.Be2 Bb7
9.O-O a6 10.e4 c5 11.e5 Nd5 12.a4 b4 13.Ne4 cxd4 14.Bg5 Qa5 15.Qxd4 h6 16.Bd2 Rc8
17.Rac1 Nc5 18.Nd6+ Bxd6 19.exd6 O-O 20.Qg4 f5 21.Qh5 Qd8 22.Bxh6 Qxd6 23.Be3 Ne4
24.Rxc8 Rxc8 25.Rd1 Qc7 26.Qg6 Qe7 27.Bg5 Nxg5 28.Nxg5 Nf6 29.Bh5 Rc2 30.Nxe6 Bd5
31.Qxf5 Qxe6 32.Qxc2 Nxh5 33.Qd2 Bxg2 34.Kxg2 Qg4+ 35.Kf1 Nf4 36.Qd4 Qe2+
37.Kg1 Qg4+ 38.Kf1 Qe2+ 39.Kg1 Qg4+  1/2-1/2

[Event "Borsodtavho"]
[Site "Borsodtavho"]
[Date "1991.??.??"]
[Round "2"]
[White "Lukacs, Peter"]
[Black "Porper, Eduard"]
[Result "0-1"]
[WhiteElo "2460"]
[BlackElo "2485"]

1.d4 d5 2.c4 e6 3.Nf3 Nf6 4.Nc3 c6 5.e3 Nbd7 6.Qc2 Bd6 7.Be2 O-O 8.O-O Qe7
9.h3 b6 10.e4 dxe4 11.Nxe4 Nxe4 12.Qxe4 Nf6 13.Qh4 Nd7 14.Bg5 f6 15.Bd3 g6
16.Bh6 Re8 17.Rfe1 c5 18.Qg4 Nf8 19.Nh4 e5 20.Qf3 Bb7 21.d5 Bc8 22.Qg3 e4
23.f4 f5 24.Bf1 Qf6 25.Nf3 Qxb2 26.Ng5 Bd7 27.Rad1 a6 28.Qe3 b5 29.g3 b4
30.Rd2 Qf6 31.Qb3 a5 32.a4 Qc3 33.Qxc3 bxc3 34.Rc2 Bxa4 35.Rxc3 Bd7 36.Ra1 a4
37.Be2 Be7 38.Rca3 Reb8 39.R1a2 Rb4  0-1

[Event "Borsodtavho"]
[Site "Borsodtavho"]
[Date "1991.??.??"]
[Round "3"]
[White "Horvath, Jozsef"]
[Black "Somlai, Laszlo"]
[Result "1-0"]
[WhiteElo "2540"]
[BlackElo "2385"]

1.c4 c6 2.d4 d5 3.Nc3 Nf6 4.e3 e6 5.Nf3 Nbd7 6.Qc2 Bd6 7.Be2 O-O 8.O-O dxc4
9.Bxc4 b5 10.Be2 Bb7 11.Rd1 Qc7 12.e4 e5 13.dxe5 Nxe5 14.Nd4 Ng6 15.g3 a6
16.Be3 Rfd8 17.Nf5 Bf8 18.Bd4 Rac8 19.Rac1 c5 20.Bxf6 Rxd1+ 21.Rxd1 gxf6
22.Nd5 Qe5 23.f4 Qe6 24.Bg4 Qc6 25.Qc3 b4 26.Qxf6 Qxf6 27.Nxf6+ Kh8 28.Rd7  1-0

[Event "Borsodtavho"]
[Site "Borsodtavho"]
[Date "1991.??.??"]
[Round "5"]
[White "Atalik, Suat"]
[Black "Somlai, Laszlo"]
[Result "1/2-1/2"]
[WhiteElo "2420"]
[BlackElo "2385"]

1.d4 d5 2.c4 c6 3.Nc3 Nf6 4.e3 e6 5.Nf3 Nbd7 6.Qc2 Bd6 7.Be2 O-O 8.O-O b6
9.e4 dxe4 10.Nxe4 Nxe4 11.Qxe4 Bb7 12.Bg5 Nf6 13.Qh4 h6 14.Be3 Qe7 15.Rad1 Nd7
16.Qxe7  1/2-1/2

[Event "Borsodtavho"]
[Site "Borsodtavho"]
[Date "1991.??.??"]
[Round "6"]
[White "Porper, Eduard"]
[Black "Varga, Zoltan"]
[Result "1-0"]
[WhiteElo "2485"]
[BlackElo "2370"]

1.d4 d5 2.c4 c6 3.Nf3 Nf6 4.Nc3 e6 5.e3 Nbd7 6.Qc2 Be7 7.Be2 O-O 8.O-O a6
9.a4 dxc4 10.Bxc4 c5 11.Ba2 cxd4 12.exd4 Nb6 13.Bg5 Nbd5 14.Nxd5 exd5 15.Rfe1 Be6
16.Qb3 Ne4 17.Bxe7 Qxe7 18.Rac1 Rac8 19.Qb6 h6 20.Bb1 Nf6 21.Bd3 Rxc1 22.Rxc1 Rc8
23.Rxc8+ Bxc8 24.Qc5 Qxc5 25.dxc5 g6 26.Ne5 Nd7 27.Nxd7 Bxd7 28.a5 g5 29.f4 Bc6
30.Kf2 d4 31.g3 gxf4 32.gxf4 Kg7 33.Bf5 Kf6 34.Bc8 Be4 35.Bg4 Bc6 36.Ke2 Be4
37.b4 Ke7 38.Bf3 Bxf3+ 39.Kxf3 f5 40.Ke2 Ke6 41.Kd2 Kd5 42.Kd3 h5 43.h4 b5
44.axb6  1-0

[Event "Borsodtavho"]
[Site "Borsodtavho"]
[Date "1991.??.??"]
[Round "7"]
[White "Atalik, Suat"]
[Black "Lukacs, Peter"]
[Result "0-1"]
[WhiteElo "2420"]
[BlackElo "2460"]

1.d4 d5 2.c4 e6 3.Nf3 Nf6 4.Nc3 c6 5.e3 Nbd7 6.Qc2 Bd6 7.Be2 O-O 8.O-O e5
9.cxd5 cxd5 10.dxe5 Nxe5 11.Rd1 Qc7 12.Ne1 Neg4 13.g3 Be6 14.Nb5 Qe7 15.Nxd6 Qxd6
16.Qa4 Qe5 17.Qf4 Qh5 18.h4 Qg6 19.Kg2 h6 20.Nd3 Rac8 21.b3 Bf5 22.Qd4 Nh5
23.Rd2 Rfe8 24.Bxg4 Bxg4 25.Ne5 Rxe5 26.Qxe5 Nf6 27.f3 Re8 28.Qf4 Bd7 29.Ba3 Nh5
30.Qd6 Re6 31.Qb8+ Kh7 32.Bc5 Rc6 33.Bd4 Rc2 34.Rd1 Qd3 35.Qe5 Rxd2+ 36.Rxd2 Qxd2+
37.Kg1 Bh3  0-1

[Event "Brno Morava-A"]
[Site "Brno"]
[Date "1991.??.??"]
[Round "1"]
[White "Stohl, Igor"]
[Black "Rogers, Ian"]
[Result "1/2-1/2"]
[WhiteElo "2555"]
[BlackElo "2565"]

1.d4 Nf6 2.c4 c6 3.Nc3 d5 4.e3 e6 5.Nf3 Nbd7 6.Qc2 Bd6 7.Be2 O-O 8.O-O dxc4
9.Bxc4 Qe7 10.a3 e5 11.h3 Bc7 12.Ba2 h6 13.Nh4 Re8 14.Nf5 Qf8 15.d5 e4 16.dxc6 bxc6
17.Nb5 Bb8 18.Qxc6 Ne5 19.Qxa8 Bxf5 20.Qb7 Re7 21.Qa6 Bc8 22.Qa5 Bxh3 23.Rd1 Nd3
24.Qc3 Qd8 25.Bc4 Rd7 26.gxh3 Nd5 27.Bxd5 Rxd5 28.Nd4 Qd7 29.Kf1 Qxh3+ 30.Ke2 Nxf2
31.Rg1 Qh2 32.Rxg7+ Kh8 33.Rxf7 Nd3+ 34.Kd1 Qh1+ 35.Kc2 Rc5 36.Rf8+ Kh7 37.Rxb8 Rxc3+
38.Kxc3 Nxc1 39.Rb7+ Kg6 40.Nb3 Ne2+ 41.Kc4 Qh3 42.Rd1 Qxe3 43.Rd6+ Kg5 44.Rg7+ Kh4
45.Nd4 Qc1+ 46.Kb3 Qd1+ 47.Kc4 Qc1+ 48.Kb3 Qe3+ 49.Kc4 Kh3 50.Rh7 Nxd4 51.Rxd4 Kg4
52.Rxa7 Kf3 53.Rf7+ Ke2 54.Re7 Qc1+ 55.Kb3 e3 56.Rde4 h5 57.a4 Qd1+ 58.Ka2 Qd5+
59.Ka3 Qc5+ 60.Ka2 Qd5+ 61.Ka3 Qd3+  1/2-1/2

[Event "Brno Morava-B"]
[Site "Brno"]
[Date "1991.??.??"]
[Round "1"]
[White "Schlosser, Philipp"]
[Black "Kuporosov, Viktor"]
[Result "1/2-1/2"]
[WhiteElo "2485"]
[BlackElo "2500"]

1.Nf3 d5 2.c4 c6 3.e3 Nf6 4.Nc3 e6 5.d4 Nbd7 6.Qc2 Bd6 7.Be2 O-O 8.O-O dxc4
9.Bxc4 b5 10.Be2 Bb7 11.Bd2 a6 12.e4 e5 13.dxe5 Nxe5 14.Nxe5 Bxe5 15.f4 Bd4+
16.Kh1 b4 17.Na4 c5 18.Bf3 Rc8 19.Rae1 Re8 20.b3 Bc6 21.e5 Bxf3 22.Rxf3 Ng4
23.h3 Qh4 24.Ref1 Nf2+ 25.Kh2 Ng4+ 26.Kh1 Nf2+ 27.Kh2  1/2-1/2

[Event "Brno Morava-B"]
[Site "Brno"]
[Date "1991.??.??"]
[Round "10"]
[White "Stangl, Markus"]
[Black "Kuporosov, Viktor"]
[Result "0-1"]
[WhiteElo "2490"]
[BlackElo "2500"]

1.Nf3 d5 2.c4 c6 3.e3 Nf6 4.Nc3 e6 5.d4 Nbd7 6.Qc2 Bd6 7.Be2 O-O 8.O-O dxc4
9.Bxc4 b5 10.Be2 Bb7 11.Bd2 Re8 12.Rfd1 Qc7 13.Rac1 Rac8 14.Ne4 Nxe4 15.Qxe4 c5
16.Qh4 Be7 17.Qh3 c4 18.b3 Ba3 19.Bd3 Nf6 20.Rc2 Be4 21.Bxe4 Nxe4 22.Qh5 Qb7
23.Be1 g6 24.Qh4 Be7 25.Qf4 f5 26.bxc4 g5 27.Nxg5 Bxg5 28.Qf3 Rxc4 29.Rxc4 bxc4
30.d5 Qd7 31.d6 c3 32.Qe2 Rc8 33.f3 c2  0-1

[Event "Elekes mem"]
[Site "Budapest"]
[Date "1991.??.??"]
[Round "1"]
[White "Naumkin, Igor"]
[Black "Sehner, Norbert"]
[Result "1/2-1/2"]
[WhiteElo "2505"]
[BlackElo "2420"]

1.d4 d5 2.c4 e6 3.Nc3 c6 4.e3 Nf6 5.Nf3 Nbd7 6.Qc2 Bd6 7.Be2 O-O 8.O-O dxc4
9.Bxc4 e5 10.Bb3 Qe7 11.h3 a6 12.a4 a5 13.Bd2 Bb4 14.Rae1 e4 15.Ng5 Bxc3
16.Bxc3 h6 17.Nxf7 Rxf7 18.f3 Nf8 19.Bxf7+ Qxf7 20.fxe4 Qg6 21.d5 cxd5 22.Bxf6 gxf6
23.Qb3 Bxh3 24.Qxd5+ Ne6 25.Re2 Rd8 26.Qxb7 Qg4 27.Rxf6 Rd1+ 28.Kh2 Qh5 29.Rxh6 Qxh6
30.gxh3 Kh8 31.Rg2 Qf6 32.Qb8+ Rd8 33.Qg3 Rf8 34.e5 Qh6 35.Qg6 Qxg6 36.Rxg6 Re8
37.Kg3 Kh7 38.Rf6 Ng7 39.Rb6 Rxe5 40.b4 Rxe3+ 41.Kf2  1/2-1/2

[Event "Cansys"]
[Site "Budapest"]
[Date "1991.??.??"]
[Round "1"]
[White "Schlosser, Philipp"]
[Black "O'Donnell, Tom"]
[Result "1/2-1/2"]
[WhiteElo "2465"]
[BlackElo "2375"]

1.d4 d5 2.c4 e6 3.Nc3 c6 4.e3 Nf6 5.Nf3 Nbd7 6.Qc2 Bd6 7.Bd2 O-O 8.O-O-O c5
9.Kb1 a6 10.cxd5 exd5 11.Bc1 b5 12.e4 dxe4 13.Nxe4 Nxe4 14.Qxe4 Nf6 15.Qh4 c4
16.Bg5 Bf5+ 17.Ka1 c3 18.Bd3 cxb2+ 19.Kb1 Bxd3+ 20.Rxd3 Rc8 21.Kxb2 Re8 22.Bxf6 gxf6
23.Re1 Rxe1 24.Nxe1 Qc7 25.Qg4+ Kf8 26.Qd1 Bb4 27.Nc2 Bc3+ 28.Kb1 b4 29.Ne3 a5
30.d5 Qf4 31.Qg4 Qxg4 32.Nxg4 Ke7 33.Ne3 Kd6 34.f4 Re8 35.g3 Re4 36.Kc2 Bd4
37.Ng4 h5 38.Nh6 Kxd5 39.Nxf7 Re2+ 40.Rd2 Rxd2+ 41.Kxd2 Bg1 42.h3 Bh2 43.g4 Bxf4+
44.Kd3 h4 45.Nh8 Ke6 46.Kc4 Bg5 47.Kb5 Ke7 48.Kxa5 b3 49.axb3 Kf8 50.Ng6+ Kf7
51.Nxh4 Bxh4 52.Kb5 Ke6 53.Kc6 Ke5 54.b4 f5  1/2-1/2